LEADER 00975nam0-22003371i-450- 001 990009466680403321 005 20111026124201.0 010 $a978-88-386-6653-7 035 $a000946668 035 $aFED01000946668 035 $a(Aleph)000946668FED01 035 $a000946668 100 $a20111026d2010----km-y0itay50------ba 101 1 $aita$ceng 102 $aIT 105 $aa-------001yy 200 1 $aMicroeconomia$fRobert H. Frank$gedizione italiana a cura di Romano Piras 210 $aMilano$cMcGraw-Hill$d2010 215 $axxvii, 634 p.$cill.$d27 cm 225 1 $aCollana di istruzione scientifica$iSerie di economia 610 0 $aMicroeconomia$aManuali 676 $a339 700 1$aFrank,$bRobert H.$0103342 702 1$aPiras,$bRomano 801 0$aIT$bUNINA$gREICAT$2UNIMARC 901 $aBK 912 $a990009466680403321 952 $aVI A 1554$b46020$fFSPBC 959 $aFSPBC 996 $aMicroeconomics and behavior$924711 997 $aUNINA